00341pam a2200121 a 4500020002000000041000500020082001800025100002400043245006700067250001400134260004600148300002500194 a9788126524228c h a621.3824bBAL aBalani C,eAuthor . aAntenna Theory Analysis and Design 3 rd ed hTextual Documents a3 rd ed . aNew Delhi:bWiley India Pvt. Ltd.,c2005. axvii:b1117;c23*18.